000 00695nam a2200193 a 4500
001 BRCA_1210
005 20190320203328.0
008 930407s1991 mx-a---##b---#000-0#spa-#
020 _a9686060030
050 4 _aNK8714
_b.G36 1991
100 1 _aGámez, Ana Paulina
_93974
245 1 0 _aSombreros, tascales, sopladores y petates
_bcestería Michoacana
_c[Ana Paulina Gámez, investigadora ; José Ignacio González, Pablo Oseguera I., fotógrafos].
260 _a[México]
_bFondo Cultural Bancen
_c1991
300 _a119 p.
_bil. a color, map
_c31 cm.
504 _aBibliografía: p. 118-119
650 1 4 _aTrabajo en paja
_zMéxico
_93975
650 1 4 _aArtesanías
_zMéxico
_93976
942 _2lcc
_cB
999 _c1083
_d1083